Discovering science child craft. (Record no. 550204)
[ view plain ]
| 000 -LEADER | |
|---|---|
| fixed length control field | 00925cam a2200205 a 4500 |
| 020 ## - INTERNATIONAL STANDARD BOOK NUMBER | |
| International Standard Book Number | 0716660016 (set) |
| 082 00 - DEWEY DECIMAL CLASSIFICATION NUMBER | |
| Classification number | 808.899282 |
| Author Mark | CHI |
| 245 00 - TITLE STATEMENT | |
| Title | Discovering science child craft. |
| 250 ## - EDITION STATEMENT | |
| Edition statement | 1987 ed. |
| 260 ## - PUBLICATION, DISTRIBUTION, ETC. | |
| Place of publication, distribution, etc. | [Chicago : |
| Name of publisher, distributor, etc. | World Book, |
| Date of publication, distribution, etc. | c1987] |
| 300 ## - PHYSICAL DESCRIPTION | |
| Extent | 17 v. : |
| Other physical details | col. ill. ; |
| Dimensions | 26 cm. + |
| Accompanying material | 3 col. posters in pocket. |
| 500 ## - GENERAL NOTE | |
| General note | "Portions of the text and certain illustrations previously published under the title of Childcraft--the how and why library"--T.p. verso. |
| 520 ## - SUMMARY, ETC. | |
| Summary, etc. | Illustrated articles, stories, and poems, grouped thematically in fifteen volumes under titles including "World and Space," "About Animals," "How Things Work," and "Make and Do." |
| 526 ## - STUDY PROGRAM INFORMATION NOTE | |
| Program name | 0 |
| Interest level | 0 |
| Reading level | 0 |
| Title point value | 808_899282000000000_CHI |
| 650 #0 - SUBJECT ADDED ENTRY--TOPICAL TERM | |
| Topical term or geographic name entry element | Children's encyclopedias and dictionaries. |
| 9 (RLIN) | 7168 |
| 650 #1 - SUBJECT ADDED ENTRY--TOPICAL TERM | |
| Topical term or geographic name entry element | Encyclopedias and dictionaries. |
| 9 (RLIN) | 7170 |
| 650 #1 - SUBJECT ADDED ENTRY--TOPICAL TERM | |
| Topical term or geographic name entry element | MCE |
| 9 (RLIN) | 379 |
| 710 2# - ADDED ENTRY--CORPORATE NAME | |
| Corporate name or jurisdiction name as entry element | World Book, Inc. |
| 9 (RLIN) | 29135 |
| 942 ## - ADDED ENTRY ELEMENTS (KOHA) | |
| Source of classification or shelving scheme | |
| Koha item type | Book |
| Withdrawn status | Lost status | Source of classification or shelving scheme | Damaged status | Not for loan | Permanent Location | Current Location | Date acquired | Total Checkouts | Full call number | Barcode | Date last seen | Price effective from | Koha item type |
|---|---|---|---|---|---|---|---|---|---|---|---|---|---|
| Military College of Engineering (MCE) | Military College of Engineering (MCE) | 10/27/2014 | 808.899282 CHI | MCE-19567 | 10/27/2014 | 10/27/2014 | Book |
